000 00744nam a22002417a 4500
003 UA-OsUOA
001 644
007 ta
008 20050622b un ||||| |||| 00| 0 ukr d
100 _aГрибіниченко Т. О.
090 _a811.161.2
_bГ82
942 _cBK
040 _aUA-OsUOA
_bukr
_cUA-OsUOA
_dUA-OsUOA
245 _aЗбірник диктантів з української мови для початкових класів.
300 _a272 с.
955 _a2
041 _aukr
080 _a811.161.2
020 _a966-06-0162-Х
260 _aК.
_bЛибідь
_c2000
650 7 _a8 Мовознавство. Художня література. Літературознавство
_2UDC
999 _c286810
_d286810